Children's sermons in stories. (Record no. 12283)

000 -LEADER
fixed length control field 00542nam a2200181 a 4500
001 - CONTROL NUMBER
control field :::00010085$&:&@@
003 - CONTROL NUMBER IDENTIFIER
control field OkBaRHE
005 - DATE AND TIME OF LATEST TRANSACTION
control field 20000607103356.0
008 - FIXED-LENGTH DATA ELEMENTS--GENERAL INFORMATION
fixed length control field s1955 j 000 0 eng u
040 ## - CATALOGING SOURCE
Transcribing agency
100 1# - MAIN ENTRY--PERSONAL NAME
Personal name Fischbach, Julius.
245 10 - TITLE STATEMENT
Title Children's sermons in stories.
260 ## - PUBLICATION, DISTRIBUTION, ETC. (IMPRINT)
Place of publication, distribution, etc New York, NY., :
Name of publisher, distributor, etc Abingdon Press
Date of publication, distribution, etc c1955
300 ## - PHYSICAL DESCRIPTION
Extent 127 p. ;
Dimensions 20 cm.
650 ## - SUBJECT ADDED ENTRY--TOPICAL TERM
Topical term or geographic name as entry element Children's Sermons
942 ## - ADDED ENTRY ELEMENTS (KOHA)
Source of classification or shelving scheme
Koha item type Books
Copies
Copy number Price effective from Permanent Location Shelving location Koha item type Source of classification or shelving scheme Full call number Lost status Withdrawn status Damaged status Date last seen Barcode Not for loan Date acquired
12010-04-14RHEMA Bible Training CollegeGeneral StacksBooks BV 4315 .F478   2010-04-1410085 2010-04-14